000 00541nam a22001935i 4500
001 48358
003 ES-MaACL
005 20250917063032.0
007 t|
008 950713s1898 fr ||||1| fre d
040 _aCAM
_bspa
_cCAM
100 1 _aDaudet, Alphonse,
_d1840-1897
_942799
245 1 0 _aContes de Lundi /
_cAlphonse Daudet.
250 _aNouvelle édition rev. et augm.
260 _aParis :
_bEugène Fasquelle,
_c1898.
300 _a[6], 338 p. ;
_c19 cm.
852 _aES-MaACL
_jB-2786
999 _c48358
_d48358